安徽省城市 - Statistics

General Stats
  • This quiz has been taken 34 times
  • The average score is 12 of 16
Answers on the Grid
Answers color-coded by a green-red scale on the quiz's grid according to % correct below.
合肥
芜湖
蚌埠
淮南
马鞍山
淮北
铜陵
安庆
黄山
滁州
阜阳
宿州
六安
亳州
池州
宣城
白城
白银
安阳
南阳
聊城
吉安
九江
沧州
黄冈
淮安
南平
濮阳
宿迁
五指山
张掖
铜仁
 
Answer Stats
Answer % Correct
亳州
83%
合肥
78%
蚌埠
78%
淮北
78%
铜陵
78%
黄山
78%
阜阳
78%
六安
78%
池州
78%
宣城
78%
芜湖
72%
淮南
72%
马鞍山
72%
安庆
72%
滁州
72%
宿州
56%
No matching quizzes found
Score Distribution
Percent of People with Each Score
Percentile by Number Answered
Your Score History
You have not taken this quiz